Music Quiz

Random Music or Clip Quiz

Top 50 Pop Songs of 2017 Music Clip Quiz Stats

 Plays Quiz not verified by Sporcle

Support Sporcle.
Go Orange.
Score 0/50 Timer 15:00
1 Play Today
Starting Time Title % Correct
6:00 (#14)Despacito
89%
1:10 (#43)Look What You Made Me Do
87.2%
4:20 (#24)Let Me Love You
85.5%
8:10 (#1)Shape Of You
85.4%
4:50 (#21)Believer
81.8%
3:50 (#27)Rockabye
80.9%
3:40 (#28)24K Magic
80.5%
7:20 (#6)Side To Side
79.5%
3:00 (#32)Castle On The Hill
79.4%
6:20 (#12)Attention
78.9%
1:40 (#40)Cold
78.6%
7:10 (#7)Closer
78%
5:00 (#20)Slow Hands
77.9%
5:30 (#17)Starboy
77.6%
8:00 (#2)That's What I Like
76.8%
2:20 (#36)Sorry Not Sorry
75.7%
2:40 (#34)Heathens
74.2%
4:00 (#26)Mercy
73.6%
5:10 (#19)Paris
73.1%
3:30 (#29)I'm The One
72.9%
7:50 (#3)Stay
72.9%
7:00 (#8)Something Just Like This
72.2%
0:30 (#47)Feels
70%
0:50 (#45)The Greatest
69%
2:50 (#33)Wild Thoughts
68.3%
Starting Time Title % Correct
4:40 (#22)Strip That Down
67.6%
4:30 (#23)Say You Won't Let Go
67.5%
5:20 (#18)Issues
67.2%
6:10 (#13)I Feel It Coming
66.2%
0:40 (#46)Cold Water
65.3%
0:00 (#50)Chained To The Rhythm
65%
6:40 (#10)There's Nothing Holdin' Me Back
64.1%
3:20 (#30)Starving
63.7%
2:30 (#35)Feel It Still
63.4%
7:40 (#4)It Ain't Me
61.8%
7:30 (#5)Scars To Your Beautiful
61.2%
0:20 (#48)Water Under The Bridge
60.8%
2:10 (#37)1-800-273-8255
60.4%
6:30 (#11)I Don't Wanna Live Forever
58.8%
3:10 (#31)No Promises
57.5%
1:20 (#42)Praying
56.8%
1:50 (#39)Unforgettable
55.9%
5:50 (#15)Bad Things
53.4%
5:40 (#16)Love On The Brain
52.8%
6:50 (#9)Don't Wanna Know
52.7%
2:00 (#38)All Time Low
52.6%
1:00 (#44)Body Like A Back Road
49.7%
1:30 (#41)This Town
45.2%
0:10 (#49)Slide
43.5%
4:10 (#25)Now Or Never
37.8%

You're not logged in!

Compare scores with friends on all Sporcle quizzes.
OR
Log In

From the Vault

'#' TV Shows by Picture

by livicj5

There aren't many TV shows that start with a number, but who's counting?
Remove Ads.
Support Sporcle.
Get the best of Sporcle when you Go Orange. This ad-free experience offers more features, more stats, and more fun while also helping to support Sporcle. Thank you for becoming a member.

Show Comments

Extras

Top Quizzes Today


Score Distribution

Your Account Isn't Verified!

In order to create a playlist on Sporcle, you need to verify the email address you used during registration. Go to your Sporcle Settings to finish the process.

Report this User

Report this user for behavior that violates our Community Guidelines.

Details: